000 00679nam a2200205Ii 4500
001 7370
003 CO-ViMGA
008 241108s9999||||xx |||||||||||||| ||und||
040 _aCO-ViMGA
_bspa
_erda
_cCO-ViMGA
041 0 _aunk
082 0 4 _a971.22-M579
100 1 _aJeanmette Mirski
_955298
245 1 0 _a<La> ruta del artico :
_bHistoria de las exploraciones nórticas desde la antiguedad hasta los tiempos actuales
264 1 _a[Lugar de publicación no identificado] : Labor, 1958
300 _avolumen
336 _atext
_btxt
_2rdacontent
337 _aunmediated
_bn
_2rdamedia
338 _avolume
_bnc
_2rdacarrier
940 _aidficha_siabuc: 7199. -- ficha_no_siabuc:7370
999 _c52778
_d52778